Structural sociology
Αποθηκεύτηκε σε:
| Άλλοι συγγραφείς: | |
|---|---|
| Μορφή: | Βιβλίο |
| Γλώσσα: | English |
| Δημοσίευση: |
New York :
Columbia University Press,
1982
|
| Θέματα: | |
| Ετικέτες: |
Προσθήκη ετικέτας
Δεν υπάρχουν, Καταχωρήστε ετικέτα πρώτοι!
|
MARC
| LEADER | 00000cam a2200000 i 4500 | ||
|---|---|---|---|
| 001 | 1/31830 | ||
| 008 | 950407s1982 eng d | ||
| 020 | |a 0231048467 | ||
| 035 | |l 10023648 | ||
| 040 | |a GR-MY-UA |b gre |e aacr | ||
| 041 | 0 | |a eng | |
| 082 | 0 | |a 301 |2 (19) | |
| 245 | 1 | 0 | |a Structural sociology / |c edited by Ino Rossi |
| 260 | |a New York : |b Columbia University Press, |c 1982 | ||
| 300 | |a xv, 363 p.; |b ill.; |c 24 cm | ||
| 504 | |a Includes bibliographies and index | ||
| 650 | 0 | 0 | |a Sociology. |
| 650 | 0 | 0 | |a Structuralism. |
| 650 | 0 | 0 | |a Speeches, addresses, etc. |
| 700 | 1 | |a Rossi, Ino. |4 edt | |
| 852 | |a INST |b CHIOS |e 19950407 |h 301 STR |p 005200001852 |q 005200001852 |t BK |y 0 | ||
| 909 | |a Χ |b 001727 | ||